Statistics for 50 Largest Cities in Washington

Click here to take the quiz!

General Stats

  • This quiz has been taken 219 times
    (103 since last reset)
  • The average score is 21 of 50

Answer Stats

PopulationCity% Correct
737,015Seattle
92%
228,990Spokane
89%
219,350Tacoma
89%
55,605Olympia
83%
190,915Vancouver
79%
96,970Yakima
75%
151,855Bellevue
68%
91.485Bellingham
68%
110,630Everett
68%
136,590Kent
62%
101,030Federal Way
58%
106,785Renton
58%
102,980Spokane Valley
58%
34,060Walla Walla
58%
77,110Pasco
57%
73,260Redmond
53%
92,175Kirkland
51%
83,925Kennewick
49%
60.560Richland
49%
35,510Wenatchee
47%
43,505Bremerton
45%
70,715Marysville
45%
42,975Puyallup
43%
32,905Pullman
42%
58,610Shoreline
42%
87,260Auburn
40%
40,055Issaquah
40%
63.615Lakewood
38%
67,455Sammamish
36%
35,220Mount Vernon
34%
25,150Moses Lake
32%
32,890Des Moines
30%
53,530Lacey
30%
37,820Longview
30%
52,070Burien
26%
42,855Edmonds
26%
25,750Mercer Island
26%
48,165Bothell
23%
38,570Lynnwood
23%
31,455SeaTac
21%
25,350Tumwater
19%
26,065Camas
17%
24,825Bainbridge Island
15%
64,710*South Hill
13%
34,870University Place
11%
35,630Lake Stevens
9%
38,625*Parkland
9%
35,480*Spanaway
9%
28,015Maple Valley
8%
32,660*Graham
4%

Score Distribution

Percentile by Number Answered

Percent of People with Each Score

Your Score History

You have not taken this quiz since the last reset